| 000 | 00570 a2200217 4500 | ||
|---|---|---|---|
| 001 | 139152 | ||
| 003 | OSt | ||
| 005 | 20211008172005.0 | ||
| 008 | |||
| 020 | _a8170462304 | ||
| 082 |
_a891.4627108 _bE52C |
||
| 100 | 1 | _aElkunchwar, Mahesh | |
| 245 | 1 |
_aCity plays _cby Mahesh Elkunchwar, Shanta Gokhale, Manjula Padmanabhan |
|
| 260 |
_aNew Delhi _bSeagull Books _c2004 |
||
| 300 | _a190p. | ||
| 630 | _aEnglish | ||
| 630 | _aMarathi drama | ||
| 700 | _aGokhale, Shanta | ||
| 700 | _aPadmanabhan, Manjula | ||
| 942 |
_2ddc _cBK |
||
| 999 |
_c11882 _d11882 |
||